| 000 | 00629nam a22001817a 4500 | ||
|---|---|---|---|
| 005 | 20251108164815.0 | ||
| 008 | 250721s1999 xx 000 0 ara d | ||
| 082 | 1 | 4 | _a370.95693/خلي |
| 100 | 1 | _aالخليفة، مي محمد | |
| 245 | 1 | 0 |
_aمائة عام من التعليم النظامي في البحرين : _bالسنوات الأولى للتأسيس / |
| 264 | 1 |
_aبيروت : _bالمؤسسة العربية للدراسات والنشر، _c1999. |
|
| 300 | _a488ص | ||
| 650 | 1 | 7 | _aالتعليم النظامي |
| 650 | 1 | 7 | _aالبحرين |
| 650 | 1 | 7 | _aالمدارس |
| 942 |
_2ddc _cBK |
||
| 999 |
_c14838 _d14838 |
||